日本の乗り換え駅 - Statistics

General Stats
  • This quiz has been taken 233 times
    205 since last reset
  • The average score is 359 of 867
Answer Stats
都道府県 Answer 路線 % Correct
北海道 札幌・さっぽろ 函館本線・札幌市営地下鉄東豊線・南北線
77%
北海道 旭川 宗谷本線・函館本線
75%
北海道 新函館北斗 北海道新幹線・函館本線
74%
三重県 紀勢本線・近鉄名古屋線・伊勢鉄道伊勢線
73%
福島県 福島 東北新幹線・東北本線・奥羽本線など
72%
大阪府 福島・新福島 JR東西線・阪神本線など
72%
岩手県 盛岡 東北新幹線・東北本線・田沢湖線など
70%
宮城県 仙台・あおば通 東北新幹線・東北本線・仙山線など
70%
群馬県 高崎 上越新幹線・北陸新幹線・高崎線など
70%
北海道 函館本線・函館本線(砂原支線)
69%
青森県 新青森 北海道新幹線・東北新幹線・奥羽本線
69%
福島県 郡山 東北新幹線・東北本線・磐越西線など
69%
福島県 いわき 常磐線・磐越東線
69%
茨城県 水戸 常磐線・水郡線など
69%
栃木県 宇都宮 東北新幹線・東北本線・日光線
69%
東京都 新宿・西武新宿・新宿西口 山手線・中央本線・京王線など
69%
静岡県 浜松・新浜松 東海道新幹線・東海道本線・遠州鉄道鉄道線
69%
青森県 青森 奥羽本線・津軽線・青い森鉄道線
68%
埼玉県 大宮 東北新幹線・上越新幹線・東北本線など
68%
千葉県 常磐線・東武野田線
68%
東京都 渋谷 山手線・東急東横線・京王井の頭線など
68%
神奈川県 橋本 横浜線・相模線・京王相模原線
68%
和歌山県 橋本 和歌山線・南海高野線
68%
青森県 八戸 東北新幹線・八戸線・青い森鉄道線
67%
千葉県 西船橋 総武本線・武蔵野線・京葉線(二俣支線)など
67%
千葉県 千葉・京成千葉 総武本線・外房線・京成千葉線など
67%
東京都 上野・京成上野 東北新幹線・東北本線・京成本線など
67%
東京都 品川 東海道新幹線・東海道本線・京急本線など
67%
北海道 木古内 北海道新幹線・道南いさりび鉄道線
66%
秋田県 秋田 奥羽本線・羽越本線
66%
栃木県 小山 東北新幹線・東北本線・両毛線など
66%
東京都 東京 東海道新幹線・東北新幹線・東海道本線など
66%
東京都 御茶ノ水・淡路町・小川町・新御茶ノ水 中央本線・総武本線(支線)・東京メトロ丸ノ内線など
66%
神奈川県 小田原 東海道新幹線・東海道本線・小田急小田原線など
66%
奈良県 高田 和歌山線・桜井線
66%
福島県 新白河 東北新幹線・東北本線
65%
千葉県 成田・京成成田 成田線・成田線(我孫子支線)・京成本線など
65%
東京都 秋葉原・岩本町 東北本線・総武本線(支線)・都営新宿線など
65%
神奈川県 新横浜 東海道新幹線・横浜線・東急新横浜線など
65%
愛知県 名古屋・名鉄名古屋・近鉄名古屋 東海道新幹線・東海道本線・名鉄名古屋本線など
65%
岩手県 花巻 東北本線・釜石線
63%
岩手県 一ノ関 東北新幹線・東北本線・大船渡線
63%
茨城県 取手 常磐線・関東鉄道常総線
63%
千葉県 松戸 常磐線・京成松戸線
63%
東京都 浜松町・モノレール浜松町・大門 東海道本線・東京モノレール羽田空港線など
63%
東京都 田町・三田 東海道本線・都営三田線・浅草線
63%
東京都 代々木 山手線・中央本線・都営大江戸線
63%
東京都 中野 中央本線・東京メトロ東西線
63%
神奈川県 横浜 東海道本線・根岸線・東急東横線など
63%
石川県 金沢・北鉄金沢 北陸新幹線・IRいしかわ鉄道線・北陸鉄道浅野川線
63%
青森県 弘前 奥羽本線・弘南鉄道弘南線
62%
埼玉県 熊谷 上越新幹線・高崎線・秩父鉄道秩父線
62%
千葉県 船橋・京成船橋 総武本線・東武野田線・京成本線
62%
東京都 赤羽 東北本線・赤羽線など
62%
東京都 池袋 山手線・赤羽線・東武東上線など
62%
東京都 原宿・明治神宮前 山手線・東京メトロ副都心線・千代田線
62%
神奈川県 川崎 東海道本線・南武線
62%
神奈川県 大船 東海道本線・根岸線・横須賀線など
62%
愛知県 豊橋・新豊橋 東海道新幹線・東海道本線・名鉄名古屋本線など
62%
宮城県 石巻 石巻線・仙石線
61%
山形県 新庄 奥羽本線・陸羽西線・陸羽東線
61%
埼玉県 南浦和 東北本線・武蔵野線
61%
埼玉県 川越 川越線・東武東上線
61%
千葉県 蘇我 京葉線・外房線・内房線
61%
東京都 神田 東北本線・東京メトロ銀座線
61%
東京都 有楽町・日比谷 東海道本線・東京メトロ有楽町線など
61%
東京都 大崎 山手線・東京臨海高速鉄道りんかい線など
61%
東京都 八王子・京王八王子 中央本線・横浜線・京王線など
61%
東京都 浅草 東武伊勢崎線・都営浅草線・東京メトロ銀座線
61%
東京都 後楽園・春日 東京メトロ丸ノ内線・南北線・都営三田線など
61%
岐阜県 岐阜・名鉄岐阜 東海道本線・高山本線・名鉄名古屋本線など
61%
静岡県 熱海 東海道新幹線・東海道本線・伊東線
61%
北海道 新札幌・新さっぽろ 千歳線・札幌市営地下鉄東西線
60%
北海道 網走 石北本線・釧網本線
60%
北海道 長万部 函館本線・室蘭本線
60%
岩手県 二戸 東北新幹線・IGRいわて銀河鉄道線
60%
岩手県 北上 東北新幹線・東北本線・北上線
60%
栃木県 那須塩原 東北新幹線・東北本線
60%
群馬県 新前橋 上越線・両毛線
60%
千葉県 我孫子 常磐線・成田線(我孫子支線)
60%
千葉県 木更津 内房線・久留里線
60%
東京都 北千住 常磐線・東武伊勢崎線・東京メトロ千代田線など
60%
東京都 立川・立川北・立川南 中央本線・青梅線・多摩都市モノレール線など
60%
神奈川県 鶴見・京急鶴見 東海道本線・鶴見線・京急本線など
60%
神奈川県 武蔵小杉 南武線・東海道貨物線(品鶴線)・東急東横線
60%
神奈川県 海老名 相模線・小田急小田原線・相鉄本線
60%
新潟県 新潟 上越新幹線・信越本線・越後線など
60%
富山県 富山・電鉄富山 北陸新幹線・高山本線など
60%
長野県 長野 北陸新幹線・信越本線・しなの鉄道北しなの線など
60%
静岡県 静岡・新静岡 東海道新幹線・東海道本線・静岡鉄道静岡清水線
60%
岩手県 宮古 山田線・三陸鉄道リアス線
59%
福島県 会津若松 磐越西線・只見線
59%
茨城県 勝田 常磐線・ひたちなか海浜鉄道湊線
59%
群馬県 桐生 両毛線・わたらせ渓谷鐵道わたらせ渓谷線
59%
埼玉県 所沢 西武池袋線・西武新宿線
59%
東京都 西日暮里 東北本線・東京メトロ千代田線など
59%
東京都 日暮里 東北本線・常磐線・京成本線など
59%
東京都 御徒町・上野御徒町 東北本線・都営大江戸線
59%
東京都 蒲田 東海道本線・東急池上線・多摩川線
59%
東京都 目黒 山手線・東急目黒線・都営三田線など
59%
東京都 五反田 山手線・東急池上線・都営浅草線
59%
神奈川県 東神奈川・京急東神奈川 東海道本線・横浜線・京急本線
59%
静岡県 三島 東海道新幹線・東海道本線・伊豆箱根鉄道駿豆線
59%
静岡県 掛川 東海道新幹線・東海道本線・天竜浜名湖鉄道天竜浜名湖線
59%
滋賀県 米原 東海道新幹線・東海道本線・北陸本線など
59%
北海道 滝川 函館本線・根室本線
58%
北海道 苫小牧 室蘭本線・日高本線
58%
秋田県 大曲 奥羽本線・田沢湖線
58%
宮城県 古川 東北新幹線・陸羽東線
58%
宮城県 小牛田 東北本線・陸羽東線・石巻線
58%
栃木県 日光・東武日光 日光線・東武日光線
58%
栃木県 栃木 両毛線・東武日光線
58%
群馬県 太田 東武伊勢崎線・東武桐生線・東武小泉線(支線)
58%
埼玉県 武蔵浦和 東北本線(埼京線)・武蔵野線
58%
埼玉県 和光市 東武東上線・東京メトロ有楽町線
58%
千葉県 成田空港 成田線(空港支線)・京成本線・京成成田空港線
58%
東京都 恵比寿 山手線・東京メトロ日比谷線
58%
東京都 荻窪 中央本線・東京メトロ丸ノ内線
58%
東京都 国分寺 中央本線・西武多摩湖線・国分寺線
58%
神奈川県 藤沢 東海道本線・小田急江ノ島線
58%
神奈川県 茅ヶ崎 東海道本線・相模線
58%
福井県 敦賀 北陸新幹線・北陸本線・小浜線など
58%
山梨県 甲府 中央本線・身延線
58%
長野県 松本 篠ノ井線・大糸線・アルピコ交通上高地線
58%
愛知県 国府 名鉄名古屋本線・名鉄豊川線
58%
大阪府 大阪・大阪梅田・梅田・西梅田など 東海道本線・大阪環状線・阪急京都本線など
58%
大阪府 野田(JR)・玉川 大阪環状線・Osaka Metro千日前線
58%
北海道 南千歳 千歳線・千歳線(空港支線)・石勝線
57%
岩手県 新花巻 東北新幹線・釜石線
57%
山形県 米沢 奥羽本線・米坂線
57%
茨城県 友部 常磐線・水戸線
57%
茨城県 下館 水戸線・関東鉄道常総線・真岡鐵道線真岡線
57%
栃木県 佐野 両毛線・東武佐野線
57%
埼玉県 小川町 八高線・東武東上線
57%
千葉県 新松戸・幸谷 常磐線・武蔵野線・流鉄流山線
57%
東京都 新橋 東海道本線・東京メトロ銀座線など
57%
東京都 高輪ゲートウェイ・泉岳寺 東海道本線・都営浅草線・京急本線
57%
東京都 高田馬場 山手線・西武新宿線など
57%
東京都 巣鴨 山手線・都営三田線
57%
東京都 飯田橋 中央本線・東京メトロ南北線・東西線など
57%
東京都 吉祥寺 中央本線・京王井の頭線
57%
東京都 町田 横浜線・小田急小田原線
57%
東京都 小川 西武拝島線・西武国分寺線
57%
新潟県 長岡 上越新幹線・信越本線
57%
長野県 軽井沢 北陸新幹線・しなの鉄道線
57%
京都府 京都 東海道新幹線・東海道本線・近鉄京都線など
57%
大阪府 近鉄日本橋・日本橋 近鉄難波線・Osaka Metro千日前線・堺筋線
57%
北海道 深川 函館本線・留萌本線
56%
北海道 大通 札幌市営地下鉄東西線・南北線・東豊線
56%
北海道 東釧路 釧網本線・根室本線
56%
岩手県 久慈 八戸線・三陸鉄道リアス線
56%
岩手県 釜石 釜石線・三陸鉄道リアス線
56%
群馬県 館林 東武伊勢崎線・東武小泉線・東武佐野線
56%
埼玉県 東武動物公園 東武伊勢崎線・東武日光線
56%
埼玉県 南越谷・新越谷 武蔵野線・東武伊勢崎線
56%
千葉県 安房鴨川 内房線・外房線
56%
東京都 大井町 東海道本線・東急大井町線など
56%
東京都 駒込 山手線・東京メトロ南北線
56%
東京都 水道橋 中央本線・都営三田線
56%
東京都 西国分寺 中央本線・武蔵野線
56%
東京都 日本橋 東京メトロ銀座線・東西線・都営浅草線
56%
東京都 大手町 東京メトロ丸ノ内線・東西線・半蔵門線など
56%
神奈川県 大和 小田急江ノ島線・相鉄本線
56%
福井県 福井 北陸新幹線・ハピラインふくい線など
56%
山梨県 大月 中央本線・富士山麓電気鉄道大月線
56%
岐阜県 大垣 東海道本線・養老鉄道養老線・樽見鉄道樽見線など
56%
静岡県 沼津 東海道本線・御殿場線
56%
静岡県 富士 東海道本線・身延線
56%
愛知県 岡崎 東海道本線・愛知環状鉄道線
56%
愛知県 金山 東海道本線・中央本線・名鉄名古屋本線など
56%
北海道 白石 函館本線・千歳線
55%
岩手県 いわて沼宮内 東北新幹線・IGRいわて銀河鉄道線
55%
茨城県 龍ケ崎市・佐貫 常磐線・関東鉄道竜ヶ崎線
55%
栃木県 宝積寺 東北本線・烏山線
55%
栃木県 下今市 東武日光線・東武鬼怒川線
55%
群馬県 伊勢崎 両毛線・東武伊勢崎線
55%
千葉県 南船橋 京葉線・京葉線(二俣支線)
55%
千葉県 津田沼・新津田沼 総武本線・京成松戸線
55%
東京都 田端 東北本線・山手線
55%
東京都 南千住 常磐線・東京メトロ日比谷線など
55%
東京都 永田町・赤坂見附 東京メトロ銀座線・丸ノ内線・半蔵門線など
55%
東京都 押上 東京メトロ半蔵門線・東武伊勢崎線・京成押上線など
55%
神奈川県 国府津 東海道本線・御殿場線
55%
神奈川県 日吉 東急東横線・東急新横浜線など
55%
神奈川県 厚木 相模線・小田急小田原線
55%
富山県 高岡 氷見線・城端線・あいの風とやま鉄道線
55%
岐阜県 岐阜羽島・新羽島 東海道新幹線・名鉄羽島線
55%
北海道 富良野 根室本線・富良野線
54%
北海道 東室蘭 室蘭本線・室蘭本線(支線)
54%
宮城県 名取 東北本線・仙台空港鉄道仙台空港線
54%
埼玉県 久喜 東北本線・東武伊勢崎線
54%
千葉県 南流山 武蔵野線・首都圏新都市鉄道常磐新線
54%
東京都 新木場 京葉線・東京メトロ有楽町線など
54%
東京都 高尾 中央本線・京王高尾線
54%
東京都 新宿三丁目 東京メトロ丸ノ内線・副都心線・都営新宿線
54%
東京都 多摩センター・京王多摩センターなど 京王相模原線・小田急多摩線・多摩都市モノレール線
54%
長野県 上田 北陸新幹線・しなの鉄道線・上田電鉄別所線
54%
静岡県 伊東 伊東線・伊豆急行線
54%
大阪府 新大阪 東海道新幹線・山陽新幹線・東海道本線など
54%
千葉県 空港第2ビル・東成田 成田線(空港支線)・京成本線・京成成田空港線
54%
北海道 新得 根室本線・石勝線
53%
青森県 奥津軽いまべつ・津軽二俣 北海道新幹線・津軽線
53%
秋田県 大館 奥羽本線・花輪線
53%
秋田県 東能代 奥羽本線・五能線
53%
宮城県 松島 東北本線・東北本線(支線)
53%
宮城県 岩沼 東北本線・常磐線
53%
茨城県 鹿島サッカースタジアム 鹿島線・鹿島臨海鉄道大洗鹿島線
53%
茨城県 守谷 関東鉄道常総線・首都圏新都市鉄道常磐新線
53%
埼玉県 寄居 八高線・東武東上線・秩父鉄道秩父線
53%
埼玉県 高麗川 八高線・川越線
53%
千葉県 佐倉 総武本線・成田線
53%
東京都 綾瀬 常磐線・東京メトロ千代田線
53%
東京都 亀戸 総武本線・東武亀戸線
53%
東京都 市ヶ谷 中央本線・東京メトロ南北線・有楽町線など
53%
東京都 四ツ谷 中央本線・東京メトロ南北線・丸ノ内線など
53%
東京都 拝島 青梅線・五日市線・西武拝島線など
53%
神奈川県 鎌倉 横須賀線・江ノ島電鉄線
53%
神奈川県 菊名 横浜線・東急東横線
53%
新潟県 燕三条 上越新幹線・弥彦線
53%
新潟県 糸魚川 北陸新幹線・大糸線など
53%
兵庫県 相生 山陽新幹線・山陽本線・赤穂線
53%
岡山県 岡山 山陽新幹線・山陽本線・宇野線など
53%
広島県 広島 山陽新幹線・山陽本線・芸備線
53%
福岡県 博多 山陽新幹線・九州新幹線・鹿児島本線など
53%
北海道 新旭川 宗谷本線・石北本線
52%
北海道 岩見沢 函館本線・室蘭本線
52%
北海道 五稜郭 函館本線・道南いさびり鉄道線
52%
青森県 五所川原・津軽五所川原 五能線・津軽鉄道線
52%
山形県 北山形 奥羽本線・左沢線
52%
千葉県 五井 内房線・小湊鐵道線
52%
東京都 溜池山王・国会議事堂前 東京メトロ銀座線・南北線・丸ノ内線など
52%
東京都 銀座・銀座一丁目 東京メトロ銀座線・丸ノ内線・日比谷線など
52%
神奈川県 桜木町 根岸線・横浜市営地下鉄3号線
52%
神奈川県 長津田 横浜線・東急田園都市線・東急こどもの国線
52%
山梨県 小淵沢 中央本線・小海線
52%
長野県 塩尻 中央本線・辰野支線・篠ノ井線
52%
鳥取県 鳥取 山陰本線・因美線
52%
福岡県 小倉 山陽新幹線・鹿児島本線・日豊本線など
52%
北海道 追分 室蘭本線・石勝線
51%
青森県 野辺地 大湊線・青い森鉄道線
51%
岩手県 好摩 花輪線・IGRいわて銀河鉄道線
51%
秋田県 追分 奥羽本線・男鹿線
51%
秋田県 羽後本荘 羽越本線・由利高原鉄道鳥海山ろく線
51%
群馬県 渋川 上越線・吾妻線
51%
埼玉県 羽生 東武伊勢崎線・秩父鉄道秩父線
51%
埼玉県 東川口 武蔵野線・埼玉高速鉄道埼玉スタジアム線
51%
千葉県 新鎌ヶ谷 東武野田線・京成松戸線・北総鉄道北総線など
51%
千葉県 本八幡・京成八幡 総武本線・都営新宿線・京成本線
51%
千葉県 成東 総武本線・東金線
51%
千葉県 大網 外房線・東金線
51%
千葉県 大原 外房線・いすみ鉄道いすみ線
51%
東京都 錦糸町 総武本線・総武本線(支線)・東京メトロ半蔵門線
51%
東京都 中目黒 東京メトロ日比谷線・東急東横線
51%
東京都 代々木上原 東京メトロ千代田線・小田急小田原線
51%
神奈川県 武蔵溝ノ口・溝の口 南武線・東急田園都市線
51%
神奈川県 登戸 南武線・小田急小田原線
51%
神奈川県 中山 横浜線・横浜市営地下鉄4号線
51%
新潟県 上越妙高 北陸新幹線・えちごトキめき鉄道妙高はねうまライン
51%
石川県 加賀温泉 北陸新幹線・IRいしかわ鉄道線
51%
滋賀県 草津 東海道本線・草津線
51%
大阪府 天王寺・大阪阿部野橋 大阪環状線・関西本線・近鉄南大阪線など
51%
広島県 福山 山陽新幹線・山陽本線・福塩線
51%
山口県 新山口 山陽新幹線・山陽本線・山口線など
51%
北海道 桑園 函館本線・札沼線
49%
埼玉県 西武秩父・御花畑 西武秩父線・秩父鉄道秩父線
49%
埼玉県 春日部 東武伊勢崎線・東武野田線
49%
千葉県 銚子 総武本線・銚子電気鉄道線
49%
神奈川県 相模大野 小田急小田原線・小田急江ノ島線
49%
新潟県 柏崎 信越本線・越後線
49%
石川県 小松 北陸新幹線・IRいしかわ鉄道線
49%
長野県 飯山 北陸新幹線・飯山線
49%
静岡県 清水・新清水 東海道本線・静岡鉄道静岡清水線
49%
愛知県 尾張一宮・名鉄一宮 東海道本線・名鉄名古屋本線・名鉄尾西線
49%
三重県 桑名・西桑名 関西本線・近鉄名古屋線・養老鉄道養老線など
49%
大阪府 京橋 大阪環状線・片町線・京阪本線など
49%
兵庫県 姫路・山陽姫路 山陽新幹線・山陽本線・播但線など
49%
山口県 新下関 山陽新幹線・山陽本線
49%
秋田県 横手 奥羽本線・北上線
48%
秋田県 角館 田沢湖線・秋田内陸縦貫鉄道秋田内陸線
48%
埼玉県 東飯能 八高線・西武池袋線
48%
埼玉県 北朝霞・朝霞台 武蔵野線・東武東上線
48%
千葉県 香取 成田線・鹿島線
48%
東京都 練馬 都営大江戸線・西武池袋線・西武豊島線など
48%
神奈川県 関内 根岸線・横浜市営地下鉄1号線・3号線
48%
新潟県 新津 信越本線・羽越本線・磐越西線
48%
新潟県 直江津 信越本線・えちごトキめき鉄道日本海ひすいラインなど
48%
富山県 黒部宇奈月温泉・新黒部 北陸新幹線・富山地方鉄道本線
48%
愛知県 栄・栄町 名鉄瀬戸線・名古屋市営地下鉄名城線・東山線
48%
三重県 鳥羽 参宮線・近鉄鳥羽線・近鉄志摩線
48%
広島県 三原 山陽新幹線・山陽本線・呉線
48%
山口県 岩国 山陽本線・岩徳線
48%
香川県 高松・高松築港 予讃線・高徳線・高松琴平電気鉄道琴平線
48%
熊本県 熊本 九州新幹線・鹿児島本線・豊肥本線
48%
北海道 沼ノ端 室蘭本線・千歳線
47%
山形県 余目 羽越本線・陸羽西線
47%
福島県 西若松 只見線・会津鉄道会津線
47%
栃木県 新藤原 東武鬼怒川線・野岩鉄道会津鬼怒川線
47%
埼玉県 栗橋 東北本線・東武日光線
47%
東京都 王子 東北本線・東京メトロ南北線
47%
東京都 金町・京成金町 常磐線・京成金町線
47%
東京都 両国 総武本線(支線)・都営大江戸線
47%
東京都 六本木 東京メトロ日比谷線・都営大江戸線
47%
東京都 小竹向原 東京メトロ有楽町線・副都心線・西武有楽町線
47%
東京都 住吉 東京メトロ半蔵門線・都営新宿線
47%
神奈川県 戸塚 東海道本線・横浜市営地下鉄3号線
47%
神奈川県 中央林間 小田急江ノ島線・東急田園都市線
47%
新潟県 越後湯沢 上越新幹線・上越線など
47%
石川県 和倉温泉 七尾線・のと鉄道七尾線
47%
石川県 津幡 七尾線・IRいしかわ鉄道線
47%
福井県 芦原温泉 北陸新幹線・ハピラインふくい線
47%
長野県 佐久平 北陸新幹線・小海線
47%
岐阜県 多治見 中央本線・太多線
47%
愛知県 豊川・豊川稲荷 飯田線・名鉄豊川線
47%
愛知県 蒲郡 東海道本線・名鉄蒲郡線
47%
愛知県 三河安城 東海道新幹線・東海道本線
47%
愛知県 高蔵寺 中央本線・愛知環状鉄道線
47%
兵庫県 住吉 東海道本線・神戸新交通六甲アイランド線
47%
兵庫県 三田 福知山線・神戸電鉄三田線
47%
大阪府 JR難波・難波・大阪難波 近鉄難波線・南海本線・Osaka Metro御堂筋線など
47%
栃木県 新栃木 東武日光線・東武宇都宮線
46%
千葉県 流山おおたかの森 東武野田線・首都圏新都市鉄道常磐新線
46%
千葉県 東松戸 武蔵野線・北総鉄道北総線・京成成田空港線
46%
東京都 新日本橋・三越前 総武本線・東京メトロ銀座線・半蔵門線
46%
東京都 武蔵境 中央本線・西武多摩川線
46%
東京都 青山一丁目 東京メトロ銀座線・半蔵門線・都営大江戸線
46%
東京都 豊洲 東京メトロ有楽町線・東京臨海新交通臨海線
46%
東京都 京成高砂 京成本線・京成金町線・北総鉄道北総線など
46%
東京都 新秋津・秋津 武蔵野線・西武池袋線
46%
神奈川県 新百合ヶ丘 小田急小田原線・小田急多摩線
46%
富山県 新高岡 北陸新幹線・城端線
46%
石川県 七尾 七尾線・のと鉄道七尾線
46%
長野県 辰野 中央本線辰野支線・飯田線
46%
滋賀県 近江塩津 北陸本線・湖西線
46%
京都府 山科・京阪山科 東海道本線・湖西線・京阪京津線など
46%
兵庫県 神戸・高速神戸・ハーバーランド 東海道本線・山陽本線・阪急神戸高速線など
46%
福岡県 久留米 九州新幹線・鹿児島本線・久大本線
46%
宮城県 北仙台 仙山線・仙台市地下鉄南北線
45%
千葉県 馬橋 常磐線・流鉄流山線
45%
千葉県 松岸 総武本線・成田線
45%
東京都 板橋・新板橋 赤羽線・都営三田線
45%
東京都 浅草橋 総武本線(支線)・都営浅草線
45%
東京都 九段下 東京メトロ東西線・半蔵門線・都営新宿線
45%
新潟県 新発田 羽越本線・白新線
45%
長野県 篠ノ井 信越本線・篠ノ井線・しなの鉄道線
45%
愛知県 知立 名鉄名古屋本線・名鉄三河線
45%
三重県 亀山 関西本線・紀勢本線
45%
三重県 松阪 紀勢本線・名松線・近鉄山田線
45%
三重県 伊勢市 参宮線・近鉄山田線
45%
和歌山県 和歌山 阪和線・紀勢本線・和歌山線など
45%
兵庫県 尼崎(阪神) 阪神本線・阪神なんば線
45%
兵庫県 三ノ宮・神戸三宮・三宮・三宮・花時計前 東海道本線・阪急神戸本線・阪神本線など
45%
兵庫県 西明石 山陽新幹線・山陽本線
45%
鳥取県 米子 山陰本線・境線
45%
徳島県 徳島 高徳線・牟岐線
45%
福岡県 西鉄福岡(天神)・天神・天神南 西鉄天神大牟田線・福岡市地下鉄空港線・七隈線
45%
長崎県 長崎 西九州新幹線・長崎本線
45%
鹿児島県 鹿児島中央 九州新幹線・鹿児島本線・指宿枕崎線
45%
鹿児島県 鹿児島 鹿児島本線・日豊本線
45%
大阪府 JR淡路・淡路 おおさか東線・阪急京都本線・阪急千里線
45%
兵庫県 尼崎(JR) 東海道本線・福知山線
45%
秋田県 鷹ノ巣・鷹巣 奥羽本線・秋田内陸縦貫鉄道秋田内陸線
44%
宮城県 長町 東北本線・仙台市地下鉄南北線
44%
群馬県 倉賀野 高崎線・八高線
44%
埼玉県 越生 八高線・東武越生線
44%
千葉県 舞浜・リゾートゲートウェイ・ステーション 京葉線・舞浜リゾートラインディズニーリゾートライン
44%
千葉県 千葉みなと 外房線・千葉都市モノレール1号線
44%
東京都 馬喰町・馬喰横山・東日本橋 総武本線・都営新宿線・都営浅草線
44%
東京都 東中野 中央本線・都営大江戸線
44%
東京都 青砥 京成本線・京成押上線
44%
東京都 下北沢 京王井の頭線・小田急小田原線
44%
神奈川県 湘南台 小田急江ノ島線・相鉄いずみ野線など
44%
神奈川県 松田・新松田 御殿場線・小田急小田原線
44%
新潟県 東三条 信越本線・弥彦線
44%
新潟県 吉田 越後線・弥彦線
44%
長野県 岡谷 中央本線・辰野支線
44%
岐阜県 美濃太田 高山本線・太多線・長良川鉄道越美南線
44%
静岡県 金谷 東海道本線・大井川鐵道大井川本線
44%
愛知県 豊田市・新豊田 名鉄三河線・愛知環状鉄道線
44%
愛知県 勝川 中央本線・JR東海交通事業城北線
44%
愛知県 大曽根 中央本線・名鉄瀬戸線・名古屋市営地下鉄名城線
44%
愛知県 弥富・近鉄弥富 関西本線・名鉄尾西線・近鉄名古屋線
44%
京都府 烏丸・四条 阪急京都本線・京都市営地下鉄烏丸線
44%
大阪府 新今宮・動物園前 大阪環状線・関西本線・南海本線など
44%
大阪府 野田(阪神)・野田阪神・海老江 JR東西線・阪神本線・Osaka Metro千日前線
44%
兵庫県 新神戸 山陽新幹線・神戸市営地下鉄山手線・北神線
44%
岡山県 倉敷・倉敷市 山陽本線・伯備線・水島臨海鉄道水島本線
44%
山口県 厚狭 山陽新幹線・山陽本線・美祢線
44%
大分県 大分 日豊本線・久大本線・豊肥本線
44%
北海道 大沼 函館本線・函館本線(砂原支線)・函館本線(藤城支線)
43%
山形県 羽前千歳 奥羽本線・仙山線
43%
山形県 赤湯 奥羽本線・山形鉄道フラワー長井線
43%
茨城県 上菅谷 水郡線・水郡線(常陸太田支線)
43%
埼玉県 西所沢 西武池袋線・西武狭山線
43%
埼玉県 坂戸 東武東上線・東武越生線
43%
東京都 表参道 東京メトロ銀座線・千代田線・半蔵門線
43%
東京都 虎ノ門・虎ノ門ヒルズ 東京メトロ銀座線・日比谷線
43%
東京都 霞ヶ関 東京メトロ丸ノ内線・日比谷線・千代田線
43%
東京都 人形町・水天宮前 東京メトロ日比谷線・半蔵門線・都営浅草線
43%
東京都 調布 京王線・京王相模原線
43%
東京都 自由が丘 東急東横線・東急大井町線
43%
神奈川県 新子安・京急新子安 東海道本線・京急本線
43%
神奈川県 新杉田 根岸線・横浜シーサイドライン金沢シーサイドライン
43%
神奈川県 稲田堤・京王稲田堤 南武線・京王相模原線
43%
岡山県 新倉敷 山陽新幹線・山陽本線
43%
山口県 徳山 山陽新幹線・山陽本線
43%
青森県 川部 奥羽本線・五能線
42%
宮城県 槻木 東北本線・阿武隈急行線
42%
福島県 安積永盛 東北本線・水郡線
42%
福島県 会津高原尾瀬口 会津鉄道会津線・野岩鉄道会津鬼怒川線
42%
群馬県 赤城 東武桐生線・上毛電気鉄道上毛線
42%
千葉県 市川塩浜 京葉線・京葉線(高谷支線)
42%
千葉県 勝田台・東葉勝田台 京成本線・東葉高速鉄道東葉高速線
42%
東京都 分倍河原 南武線・京王線
42%
神奈川県 久里浜・京急久里浜 横須賀線・京急久里浜線
42%
神奈川県 尻手 南武線・南武線(浜川崎支線)
42%
新潟県 坂町 羽越本線・米坂線
42%
新潟県 浦佐 上越新幹線・上越線
42%
静岡県 新所原 東海道本線・天竜浜名湖鉄道天竜浜名湖線
42%
愛知県 千種 中央本線・名古屋市営地下鉄東山線
42%
愛知県 鶴舞 中央本線・名古屋市営地下鉄鶴舞線
42%
京都府 福知山 山陰本線・福知山線・北近畿タンゴ鉄道宮福線
42%
大阪府 西九条 大阪環状線・桜島線・阪神なんば線など
42%
大阪府 森ノ宮 大阪環状線・Osaka Metro中央線・長堀鶴見緑地線
42%
大阪府 十三 阪急京都本線・阪急神戸本線・阪急宝塚本線
42%
青森県 大鰐温泉・大鰐 奥羽本線・弘南鉄道大鰐線
41%
群馬県 東小泉 東武小泉線・東武小泉線(支線)
41%
東京都 八丁堀 京葉線・東京メトロ日比谷線
41%
東京都 国立 中央線・武蔵野線(国立支線)
41%
東京都 茅場町 東京メトロ日比谷線・東西線
41%
東京都 曳舟 東武伊勢崎線・東武亀戸線など
41%
神奈川県 浜川崎 南武線(浜川崎支線)・鶴見線
41%
神奈川県 羽沢横浜国大 東海道貨物線(羽沢線)・相鉄新横浜線
41%
神奈川県 二俣川 相鉄本線・相鉄いずみ野線
41%
石川県 倶利伽羅 あいの風とやま鉄道線・IRいしかわ鉄道線
41%
石川県 大聖寺 IRいしかわ鉄道線・ハピラインふくい線
41%
福井県 越前花堂 越美北線・ハピラインふくい線
41%
長野県 小諸 小海線・しなの鉄道線
41%
岐阜県 鵜沼・新鵜沼 高山本線・名鉄犬山線・名鉄各務原線
41%
愛知県 大府 東海道本線・武豊線
41%
滋賀県 近江八幡 東海道本線・近江鉄道八日市線
41%
京都府 東舞鶴 小浜線・舞鶴線
41%
大阪府 鶴橋 大阪環状線・近鉄大阪線・Osaka Metro千日前線
41%
奈良県 奈良 関西本線・桜井線
41%
兵庫県 宝塚 福知山線・阪急宝塚本線・阪急今津線
41%
岡山県 津山 津山線・姫新線
41%
山口県 新岩国・清流新岩国 山陽新幹線・錦川鉄道錦川清流線
41%
香川県 宇多津 予讃線・本四備讃線
41%
香川県 多度津 予讃線・土讃線
41%
青森県 目時 青い森鉄道線・IGRいわて銀河鉄道線
40%
千葉県 新八柱・八柱 武蔵野線・京成松戸線
40%
千葉県 京成津田沼 京成本線・京成千葉線・京成松戸線
40%
千葉県 ユーカリが丘 京成本線・山万ユーカリが丘線
40%
東京都 赤羽岩淵 東京メトロ南北線・埼玉高速鉄道埼玉スタジアム線
40%
東京都 神保町 東京メトロ半蔵門線・都営新宿線・三田線
40%
東京都 東村山 西武新宿線・西武国分寺線・西武西武園線
40%
東京都 高幡不動 京王線・京王動物園線・多摩都市モノレール線
40%
東京都 北野 京王線・京王高尾線
40%
東京都 京急蒲田 京急本線・京急空港線
40%
神奈川県 逗子・逗子・葉山 横須賀線・京急逗子線
40%
神奈川県 西谷 相鉄本線・相鉄新横浜線
40%
神奈川県 センター南 横浜市営地下鉄3号線・4号線
40%
新潟県 十日町 飯山線・北越急行ほくほく線
40%
富山県 滑川 あいの風とやま鉄道線・富山地方鉄道本線
40%
愛知県 太田川 名鉄河和線・名鉄常滑線
40%
滋賀県 彦根 東海道本線・近江鉄道本線
40%
和歌山県 和歌山市 紀勢本線・南海本線・南海和歌山港線
40%
兵庫県 明石・山陽明石 山陽本線・山陽電気鉄道本線
40%
島根県 出雲市・電鉄出雲市 山陰本線・一畑電車北松江線
40%
鹿児島県 川内 九州新幹線・鹿児島本線・肥薩おれんじ鉄道線
40%
宮城県 前谷地 石巻線・気仙沼線
39%
千葉県 都賀 総武本線・千葉都市モノレール2号線
39%
東京都 東銀座 東京メトロ日比谷線・都営浅草線
39%
東京都 明大前 京王線・京王井の頭線
39%
東京都 二子玉川 東急田園都市線・東急大井町線
39%
神奈川県 金沢八景 京急本線・京急逗子線
39%
神奈川県 センター北 横浜市営地下鉄3号線・4号線
39%
愛知県 上小田井 名鉄犬山線・名古屋市営地下鉄鶴舞線
39%
愛知県 八田・近鉄八田 関西本線・近鉄名古屋線・名古屋市営地下鉄東山線
39%
三重県 近鉄四日市・あすなろう四日市 近鉄名古屋線・近鉄湯の山線など
39%
三重県 柘植 関西本線・草津線
39%
三重県 伊賀上野 関西本線・伊賀鉄道伊賀線
39%
京都府 三条・三条京阪 京阪本線・京阪鴨東線・京都市営地下鉄東西線
39%
京都府 木津 関西本線・奈良線・片町線
39%
京都府 西舞鶴 舞鶴線・北近畿タンゴ鉄道宮津線
39%
京都府 綾部 山陰本線・舞鶴線
39%
大阪府 大阪上本町・谷町九丁目 近鉄大阪線・近鉄難波線・Osaka Metro谷町線など
39%
大阪府 淀屋橋・大江橋 京阪本線・京阪中之島線・Osaka Metro御堂筋線
39%
奈良県 王寺・新王寺 関西本線・近鉄生駒線・近鉄田原本線など
39%
兵庫県 加古川 山陽本線・加古川線
39%
兵庫県 豊岡 山陰本線・北近畿タンゴ鉄道宮津線
39%
鳥取県 伯耆大山 山陰本線・伯備線
39%
広島県 横川 山陽本線・可部線
39%
山口県 川西 岩徳線・錦川鉄道錦川清流線
39%
山口県 幡生 山陽本線・山陰本線
39%
山口県 長門市 山陰本線・山陰本線(仙崎支線)・美祢線
39%
高知県 後免 土讃線・土佐くろしお鉄道阿佐線
39%
佐賀県 鳥栖 鹿児島本線・長崎本線
39%
長崎県 諫早 西九州新幹線・長崎本線・大村線など
39%
熊本県 新八代 九州新幹線・鹿児島本線
39%
宮城県 岩切 東北本線・東北本線(利府支線)
38%
埼玉県 吾野 西武秩父線・西武池袋線
38%
埼玉県 西武球場前 西武狭山線・西武山口線
38%
東京都 中野坂上 東京メトロ丸ノ内線・方南町支線・都営大江戸線
38%
東京都 築地・新富町 東京メトロ日比谷線・有楽町線
38%
東京都 清澄白河 東京メトロ半蔵門線・都営大江戸線
38%
東京都 小平 西武新宿線・西武拝島線
38%
東京都 多摩川 東急東横線・東急多摩川線
38%
神奈川県 上大岡 京急本線・横浜市営地下鉄1号線
38%
新潟県 小出 上越線・只見線
38%
新潟県 妙高高原 しなの鉄道北しなの線・えちごトキめき鉄道妙高はねうまライン
38%
富山県 魚津・新魚津 あいの風とやま鉄道線・富山地方鉄道本線
38%
山梨県 富士山 富士山麓電気鉄道大月線・河口湖線
38%
長野県 豊野 飯山線・しなの鉄道北しなの線
38%
岐阜県 恵那 中央本線・明知鉄道明知線
38%
愛知県 刈谷 東海道本線・名鉄三河線
38%
愛知県 常滑 名鉄常滑線・名鉄空港線
38%
愛知県 上飯田 名鉄小牧線・名古屋市営地下鉄上飯田線
38%
愛知県 枇杷島 東海道本線・JR東海交通事業城北線
38%
三重県 宇治山田 近鉄山田線・近鉄鳥羽線
38%
京都府 二条 山陰本線・京都市営地下鉄東西線
38%
大阪府 弁天町 大阪環状線・Osaka Metro中央線
38%
大阪府 千里中央 北大阪急行電鉄南北線・大阪モノレール本線
38%
岡山県 新見 伯備線・姫新線
38%
広島県 海田市 山陽本線・呉線
38%
山口県 小野田 山陽本線・小野田線
38%
愛媛県 松山市 伊予鉄道高浜線・横河原線・郡中線
38%
佐賀県 唐津 筑肥線・唐津線
38%
長崎県 佐世保 佐世保線・松浦鉄道西九州線
38%
北海道 七飯 函館本線・函館本線(藤城支線)
37%
群馬県 相老 東武桐生線・わたらせ渓谷鐵道わたらせ渓谷線
37%
千葉県 幕張本郷・京成幕張本郷 総武本線・京成千葉線
37%
千葉県 千葉中央 京成千葉線・京成千原線
37%
東京都 東新宿 東京メトロ副都心線・都営大江戸線
37%
神奈川県 あざみ野 東急田園都市線・横浜市営地下鉄3号線
37%
新潟県 宮内 信越本線・上越線
37%
新潟県 六日町 上越線・北越急行ほくほく線
37%
岐阜県 可児・新可児 太多線・名鉄広見線
37%
愛知県 神宮前 名鉄名古屋本線・名鉄常滑線
37%
愛知県 藤が丘 愛知高速交通東部丘陵線・名古屋市営地下鉄東山線
37%
三重県 多気 紀勢本線・参宮線
37%
滋賀県 大津京・京阪大津京 湖西線・京阪石山坂本線
37%
滋賀県 膳所・京阪膳所 東海道本線・京阪石山坂本線
37%
滋賀県 石山・京阪石山 東海道本線・京阪石山坂本線
37%
京都府 六地蔵 奈良線・京都市営地下鉄東西線
37%
京都府 宮津 北近畿タンゴ鉄道宮津線・宮福線
37%
大阪府 心斎橋・四つ橋 Osaka Metro御堂筋線・長堀鶴見緑地線・四つ橋線
37%
奈良県 大和西大寺 近鉄奈良線・近鉄京都線・近鉄橿原線
37%
兵庫県 川西池田・川西能勢口 福知山線・阪急宝塚本線・能勢電鉄妙見線
37%
福岡県 門司 山陽本線・鹿児島本線
37%
佐賀県 武雄温泉 西九州新幹線・佐世保線
37%
千葉県 上総中野 小湊鐵道線・いすみ鉄道いすみ線
35%
東京都 門前仲町 東京メトロ東西線・都営大江戸線
35%
東京都 町屋 東京メトロ千代田線・京成本線
35%
東京都 京王永山・小田急永山 京王相模原線・小田急多摩線
35%
神奈川県 京急川崎 京急本線・京急大師線
35%
新潟県 越後川口 上越線・飯山線
35%
岐阜県 笠松 名鉄名古屋本線・名鉄竹鼻線
35%
愛知県 新安城 名鉄名古屋本線・名鉄西尾線
35%
愛知県 赤池 名鉄豊田線・名古屋市営地下鉄鶴舞線
35%
三重県 伊勢中川 近鉄大阪線・近鉄名古屋線・近鉄山田線
35%
三重県 伊賀神戸 近鉄大阪線・伊賀鉄道伊賀線
35%
京都府 竹田 近鉄京都線・京都市営地下鉄烏丸線
35%
大阪府 放出 片町線・おおさか東線
35%
大阪府 天満・扇町 大阪環状線・Osaka Metro堺筋線
35%
奈良県 生駒 近鉄奈良線・近鉄生駒線・近鉄けいはんな線
35%
岡山県 茶屋町 宇野線・本四備讃線
35%
広島県 塩町 芸備線・福塩線
35%
山口県 宇部 山陽本線・宇部線
35%
香川県 琴平・琴電琴平 土讃線・高松琴平電気鉄道琴平線
35%
佐賀県 新鳥栖 九州新幹線・長崎本線
35%
宮城県 高城町 東北本線(支線)・仙石線
34%
東京都 白金高輪 東京メトロ南北線・都営三田線
34%
東京都 月島 東京メトロ有楽町線・都営大江戸線
34%
東京都 蔵前 都営浅草線・都営大江戸線
34%
東京都 東府中 京王線・京王競馬場線
34%
東京都 田園調布 東急東横線・東急目黒線
34%
東京都 天王洲アイル 東京モノレール羽田空港線・東京臨海高速鉄道りんかい線
34%
岐阜県 各務ヶ原・名電各務原 高山本線・名鉄各務原線
34%
静岡県 吉原 東海道本線・岳南電車岳南鉄道線
34%
静岡県 草薙 東海道本線・静岡鉄道静岡清水線
34%
三重県 河原田 関西本線・伊勢鉄道伊勢線
34%
滋賀県 八日市 近江鉄道本線・八日市線
34%
京都府 出町柳 京阪鴨東線・叡山電鉄叡山本線
34%
京都府 丹波橋・近鉄丹波橋 京阪本線・近鉄京都線
34%
大阪府 日根野 阪和線・関西空港線
34%
大阪府 今宮 大阪環状線・関西本線
34%
大阪府 山田 阪急千里線・大阪モノレール本線
34%
大阪府 中津 阪急神戸本線・阪急宝塚本線
34%
大阪府 本町 Osaka Metro御堂筋線・中央線・四つ橋線
34%
大阪府 谷町四丁目 Osaka Metro谷町線・中央線
34%
島根県 益田 山陰本線・山口線
34%
広島県 備後落合 芸備線・木次線
34%
福岡県 大牟田 鹿児島本線・西鉄天神大牟田線
34%
長崎県 新大村 西九州新幹線・大村線
34%
宮崎県 南宮崎 日豊本線・日南線
34%
千葉県 印旛日本医大 京成成田空港線・北総鉄道北総線
33%
東京都 西新井 東武伊勢崎線・東武大師線
33%
東京都 大岡山 東急目黒線・東急大井町線
33%
新潟県 犀潟 信越本線・北越急行ほくほく線
33%
石川県 西金沢・新西金沢 IRいしかわ鉄道線・北陸鉄道石川線
33%
愛知県 吉良吉田 名鉄西尾線・名鉄蒲郡線
33%
愛知県 伏見 名古屋市営地下鉄東山線・鶴舞線
33%
愛知県 津島 名鉄津島線・名鉄尾西線
33%
滋賀県 貴生川 草津線・近江鉄道本線・信楽高原鉄道信楽線
33%
京都府 東福寺 奈良線・京阪本線
33%
大阪府 枚方市 京阪本線・京阪交野線
33%
大阪府 中百舌鳥・なかもず 南海高野線・南海泉北線・Osaka Metro御堂筋線
33%
大阪府 大正 大阪環状線・Osaka Metro長堀鶴見緑地線
33%
大阪府 蛍池 阪急宝塚本線・大阪モノレール本線
33%
大阪府 コスモスクエア Osaka Metro中央線・南港ポートタウン線
33%
奈良県 橿原神宮前 近鉄橿原線・近鉄南大阪線・近鉄吉野線
33%
兵庫県 元町 東海道本線・阪急本線・阪急神戸高速線
33%
兵庫県 長田・高速長田 阪神神戸高速線・神戸市営地下鉄山手線
33%
兵庫県 谷川 福知山線・加古川線
33%
鳥取県 智頭 因美線・智頭急行智頭線
33%
宮崎県 都城 日豊本線・吉都線
33%
鹿児島県 出水 九州新幹線・肥薩おれんじ鉄道線
33%
東京都 羽田空港第3ターミナル 京急空港線・東京モノレール羽田空港線
33%
山形県 今泉 米坂線・山形鉄道フラワー長井線
32%
埼玉県 西浦和 武蔵野線・武蔵野線(大宮支線)
32%
神奈川県 堀ノ内 京急本線・京急久里浜線
32%
神奈川県 安善 鶴見線・大川支線
32%
新潟県 市振 えちごトキめき鉄道日本海ひすいライン・あいの風とやま鉄道線
32%
静岡県 西鹿島 天竜浜名湖鉄道天竜浜名湖線・遠州鉄道鉄道線
32%
愛知県 八草 愛知環状鉄道線・愛知高速交通東部丘陵線
32%
愛知県 平安通 名古屋市営地下鉄名城線・上飯田線
32%
三重県 近鉄富田 近鉄名古屋線・三岐鉄道三岐線
32%
京都府 烏丸御池 京都市営地下鉄烏丸線・東西線
32%
京都府 阪急京都本線・阪急嵐山線
32%
大阪府 長田 近鉄けいはんな線・Osaka Metro中央線
32%
大阪府 柏原 関西本線・近鉄道明寺線
32%
奈良県 大和八木 近鉄大阪線・近鉄橿原線
32%
和歌山県 御坊 紀勢本線・紀州鉄道線
32%
兵庫県 西宮北口 阪急神戸本線・阪急今津線
32%
兵庫県 上郡 山陽本線・智頭急行智頭線
32%
島根県 宍道 山陰本線・木次線
32%
岡山県 総社 伯備線・吉備線・井原鉄道井原線
32%
香川県 志度・琴電志度 高徳線・高松琴平電気鉄道志度線
32%
徳島県 土讃線・徳島線
32%
福岡県 姪浜 筑肥線・福岡市地下鉄空港線
32%
千葉県 北習志野 京成松戸線・東葉高速鉄道東葉高速線
31%
東京都 汐留 都営大江戸線・東京臨海新交通臨海線
31%
東京都 多摩湖 西武多摩湖線・西武山口線
31%
東京都 旗の台 東急池上線・東急大井町線
31%
愛知県 新瀬戸・瀬戸市 名鉄瀬戸線・愛知環状鉄道線
31%
三重県 伊勢若松 近鉄名古屋線・近鉄鈴鹿線
31%
京都府 中書島 京阪本線・京阪宇治線
31%
大阪府 鴫野 片町線・おおさか東線・Osaka Metro今里筋線
31%
大阪府 谷町六丁目 Osaka Metro谷町線・長堀鶴見緑地線
31%
奈良県 吉野口 和歌山線・近鉄吉野線
31%
兵庫県 粟生 加古川線・神戸電鉄粟生線・北条鉄道北条線
31%
岡山県 東岡山 山陽本線・赤穂線
31%
愛媛県 伊予大洲 予讃線・予讃線(支線)
31%
高知県 中村 土佐くろしお鉄道中村線・宿毛線
31%
熊本県 新水俣 九州新幹線・肥薩おれんじ鉄道線
31%
千葉県 千葉ニュータウン中央 京成成田空港線・北総鉄道北総線
30%
東京都 本郷三丁目 東京メトロ丸ノ内線・都営大江戸線
30%
神奈川県 八丁畷 南武線・京急本線
30%
神奈川県 浅野 鶴見線・海芝浦支線
30%
愛知県 丸の内 名古屋市営地下鉄桜通線・鶴舞線
30%
京都府 京都河原町・祇園四条 京阪本線・阪急京都本線
30%
大阪府 門真市 京阪本線・大阪モノレール本線
30%
大阪府 南茨木 阪急京都本線・大阪モノレール本線
30%
大阪府 関西空港 関西空港線・南海空港線
30%
大阪府 貝塚 南海本線・水間鉄道水間線
30%
大阪府 堺筋本町 Osaka Metro堺筋線・中央線
30%
兵庫県 塚口 阪急神戸本線・阪急伊丹線
30%
兵庫県 佐用 姫新線・智頭急行智頭線
30%
岡山県 東津山 因美線・姫新線
30%
広島県 新白島 山陽本線・広島高速交通広島新交通1号線
30%
徳島県 池谷 高徳線・鳴門線
30%
高知県 窪川 土讃線・土佐くろしお鉄道中村線
30%
福岡県 貝塚 西鉄貝塚線・福岡市地下鉄箱崎線
30%
熊本県 八代 鹿児島本線・肥薩線肥薩おれんじ鉄道線
30%
東京都 麻布十番 東京メトロ南北線・都営大江戸線
29%
東京都 白金台 東京メトロ南北線・都営三田線
29%
東京都 都庁前 都営大江戸線・都営大江戸線
29%
東京都 新御徒町 都営大江戸線・首都圏新都市鉄道常磐新線
29%
東京都 玉川上水 西武拝島線・多摩モノレール線
29%
静岡県 千頭 大井川鐵道大井川本線・大井川鐵道井川線
29%
愛知県 富貴 名鉄河和線・名鉄知多新線
29%
京都府 嵯峨嵐山・トロッコ嵯峨 山陰本線・嵯峨野観光鉄道嵯峨野観光線
29%
大阪府 久宝寺 関西本線・おおさか東線
29%
大阪府 河内長野 近鉄長野線・南海高野線
29%
大阪府 阪和線・羽衣線
29%
大阪府 天下茶屋 南海本線・Osaka Metro堺筋線
29%
大阪府 玉造 大阪環状線・Osaka Metro長堀鶴見緑地線
29%
大阪府 江坂 Osaka Metro御堂筋線・北大阪急行電鉄南北線
29%
奈良県 天理 桜井線・近鉄天理線
29%
奈良県 桜井 桜井線・近鉄大阪線
29%
兵庫県 兵庫 山陽本線・山陽本線(和田岬線)
29%
兵庫県 和田山 山陰本線・播但線
29%
香川県 瓦町 高松琴平電気鉄道琴平線・長尾線・志度線
29%
愛媛県 内子 予讃線(支線)・内子線
29%
愛媛県 北宇和島 予讃線・予土線
29%
福岡県 折尾 鹿児島本線・筑豊本線
29%
福岡県 行橋 日豊本線・平成筑豊鉄道田川線
29%
佐賀県 江北 長崎本線・佐世保線
29%
佐賀県 伊万里 筑肥線・松浦鉄道西九州線
29%
東京都 中延 都営浅草線・東急大井町線
28%
東京都 森下 都営新宿線・都営大江戸線
28%
東京都 中井 都営大江戸線・西武新宿線
28%
東京都 豊島園 都営大江戸線・西武豊島線
28%
東京都 萩山 西武拝島線・西武多摩湖線
28%
愛知県 岡崎公園前・中岡崎 名鉄名古屋本線・愛知環状鉄道線
28%
愛知県 須ケ口 名鉄名古屋本線・名鉄津島線
28%
滋賀県 びわ湖浜大津 京阪京津線・京阪石山坂本線
28%
大阪府 りんくうタウン 関西空港線・南海空港線
28%
大阪府 布施 近鉄大阪線・近鉄奈良線
28%
大阪府 北浜・なにわ橋 京阪本線・京阪中之島線・Osaka Metro堺筋線
28%
大阪府 住之江公園 Osaka Metro四つ橋線・南港ポートタウン線
28%
鳥取県 郡家 因美線・若桜鉄道若桜線
28%
山口県 櫛ヶ浜 山陽本線・岩徳線
28%
徳島県 佐古 高徳線・徳島線
28%
徳島県 阿波海南 牟岐線・阿佐海岸鉄道阿佐東線
28%
高知県 若井 予土線・土佐くろしお鉄道中村線
28%
福岡県 門司港・九州鉄道記念館 鹿児島本線・平成筑豊鉄道門司港レトロ観光線
28%
福岡県 田川後藤寺 日田彦山線・後藤寺線・平成筑豊鉄道糸田線
28%
長崎県 早岐 佐世保線・大村線
28%
熊本県 宇土 鹿児島本線・三角線
28%
富山県 宇奈月温泉・宇奈月 富山地方鉄道本線・黒部峡谷鉄道本線
27%
富山県 寺田 富山地方鉄道本線・立山線
27%
富山県 岩峅寺 富山地方鉄道立山線・上滝線
27%
大阪府 大日 Osaka Metro谷町線・大阪モノレール本線
27%
大阪府 九条 阪神なんば線・Osaka Metro中央線
27%
大阪府 天満橋 京阪本線・京阪中之島線・Osaka Metro谷町線
27%
兵庫県 武庫川 阪神本線・阪神武庫川線
27%
兵庫県 今津 阪神本線・阪急今津線
27%
兵庫県 夙川 阪急神戸本線・阪急甲陽線
27%
兵庫県 新長田 山陽本線・神戸市営地下鉄山手線・海岸線など
27%
熊本県 人吉 肥薩線・くま川鉄道湯前線
27%
東京都 天空橋 京急空港線・東京モノレール羽田空港線
26%
東京都 国際展示場・有明 東京臨海高速鉄道りんかい線・東京新交通臨海線
26%
愛知県 梅坪 名鉄三河線・名鉄豊田線
26%
愛知県 久屋大通 名古屋市営地下鉄名城線・桜通線
26%
大阪府 道明寺 近鉄南大阪線・近鉄道明寺線
26%
大阪府 泉佐野 南海本線・南海空港線
26%
大阪府 阿波座 Osaka Metro中央線・千日前線
26%
兵庫県 鈴蘭台 神戸電鉄有馬線・粟生線
26%
兵庫県 須磨・山陽須磨 山陽本線・山陽電気鉄道本線
26%
兵庫県 飾磨 山陽電気鉄道本線・網干線
26%
岡山県 備中神代 伯備線・芸備線
26%
広島県 大町 可部線・広島高速交通広島新交通1号線
26%
愛媛県 伊予市・郡中港 予讃線・伊予鉄道郡中線
26%
福岡県 桂川 筑豊本線・篠栗線
26%
福岡県 香椎 鹿児島本線・香椎線
26%
福岡県 筑後船小屋 九州新幹線・鹿児島本線
26%
佐賀県 山本 筑肥線・唐津線
26%
大阪府 JR野江・野江 おおさか東線・京阪本線
26%
愛知県 御器所 名古屋市営地下鉄鶴舞線・桜通線
25%
滋賀県 高宮 近江鉄道本線・多賀線
25%
京都府 祝園・新祝園 片町線・近鉄京都線
25%
大阪府 古市 近鉄南大阪線・近鉄長野線
25%
大阪府 みさき公園 南海本線・南海多奈川線
25%
岡山県 清音 伯備線・井原鉄道井原線
25%
福岡県 直方 筑豊本線・平成筑豊鉄道伊田線
25%
福岡県 中洲川端 福岡市地下鉄空港線・箱崎線
25%
福岡県 西鉄二日市 西鉄天神大牟田線・西鉄太宰府線
25%
佐賀県 基山 鹿児島本線・甘木鉄道甘木線
25%
佐賀県 有田 佐世保線・松浦鉄道西九州線
25%
熊本県 上熊本 鹿児島本線・熊本電気鉄道菊池線
25%
東京都 牛田・京成関屋 東武伊勢崎線・京成本線
24%
東京都 多摩動物公園 京王動物園線・多摩都市モノレール線
24%
岐阜県 江吉良 名鉄竹鼻線・名鉄羽島線
24%
愛知県 八事 名古屋市営地下鉄名城線・鶴舞線
24%
愛知県 本山 名古屋市営地下鉄名城線・東山線
24%
愛知県 上前津 名古屋市営地下鉄名城線・鶴舞線
24%
大阪府 三国ヶ丘 阪和線・南海高野線
24%
大阪府 長居 阪和線・Osaka Metro御堂筋線
24%
大阪府 石橋阪大前 阪急宝塚本線・阪急箕面線
24%
奈良県 田原本・西田原本 近鉄橿原線・近鉄田原本線
24%
兵庫県 和田岬 和田岬線・神戸市営地下鉄海岸線
24%
兵庫県 谷上 神戸電鉄有馬線・神戸市営地下鉄北神線
24%
兵庫県 垂水・山陽垂水 山陽本線・山陽電気鉄道本線
24%
兵庫県 舞子・舞子公園 山陽本線・山陽電気鉄道本線
24%
広島県 神辺 福塩線・井原鉄道井原線
24%
福岡県 黒崎・黒崎駅前 鹿児島本線・筑豊電気鉄道線
24%
長崎県 浦上 長崎本線・長与支線
24%
宮崎県 田吉 日南線・宮崎空港線
24%
鹿児島県 隼人 日豊本線・豊肥本線
24%
東京都 新小平 武蔵野線・武蔵野線(国立支線)
23%
愛知県 大江 名鉄常滑線・名鉄築港線
23%
京都府 京田辺・新田辺 片町線・近鉄京都線
23%
大阪府 大国町 Osaka Metro御堂筋線・四つ橋線
23%
山口県 雀田 小野田線・小野田線(本山支線)
23%
愛媛県 向井原 予讃線・予讃線(支線)
23%
愛媛県 新谷 予讃線(支線)・内子線
23%
福岡県 新飯塚 筑豊本線・後藤寺線
23%
佐賀県 久保田 長崎本線・唐津線
23%
鹿児島県 吉松 肥薩線・吉都線
23%
大阪府 万博記念公園 大阪モノレール本線・彩都線
22%
大阪府 河内山本 近鉄大阪線・近鉄信貴線
22%
大阪府 羽衣・東羽衣 阪和線(羽衣線)・南海本線・南海高師浜線
22%
大阪府 岸里玉出 南海本線・南海高野線
22%
大阪府 南方・西中島南方 阪急京都本線・Osaka Metro御堂筋線
22%
大阪府 桜川・汐見橋 阪神なんば線・南海高野線・Osaka Metro千日前線
22%
大阪府 大阪天満宮・南森町 JR東西線・Osaka Metro谷町線・堺筋線
22%
大阪府 今里 Osaka Metro千日前線・今里筋線
22%
兵庫県 新開地 阪急神戸高速線・阪神神戸高速線・神戸電鉄神戸高速線
22%
兵庫県 有馬口 神戸電鉄有馬線・三田線
22%
山口県 居能 宇部線・小野田線
22%
福岡県 西小倉 鹿児島本線・日豊本線
22%
福岡県 吉塚 鹿児島本線・篠栗線
22%
福岡県 原田 鹿児島本線・筑豊本線
22%
東京都 千川 東京メトロ有楽町線・副都心線
20%
愛知県 今池 名古屋市営地下鉄東山線・桜通線
20%
京都府 御陵 京阪京津線・京都市営地下鉄東西線
20%
大阪府 長堀橋 Osaka Metro堺筋線・長堀鶴見緑地線
20%
大阪府 太子橋今市 Osaka Metro谷町線・今里筋線
20%
兵庫県 山下 能勢電鉄妙見線・日生線
20%
福岡県 長者原 篠栗線・香椎線
20%
熊本県 立野 豊肥本線・南阿蘇鉄道高森線
20%
大阪府 JR俊徳道・俊徳道 おおさか東線・近鉄大阪線
20%
富山県 稲荷町 富山地方鉄道本線・不二越線
19%
大阪府 河内磐船・河内森 片町線・京阪交野線
19%
大阪府 緑橋 Osaka Metro中央線・今里筋線
19%
奈良県 平端 近鉄橿原線・近鉄天理線
19%
兵庫県 魚崎 阪神本線・神戸新交通六甲アイランド線
19%
兵庫県 塩屋・山陽塩屋 山陽本線・山陽電気鉄道本線
19%
島根県 川跡 一畑電車北松江線・大社線
19%
福岡県 田川伊田 日田彦山線・平成筑豊鉄道伊田線・田川線
19%
福岡県 甘木 西鉄甘木線・甘木鉄道甘木線
19%
東京都 要町 東京メトロ有楽町線・副都心線
18%
富山県 南富山 富山地方鉄道不二越線・上滝線
18%
岐阜県 那加・新那加 高山本線・名鉄各務原線
18%
愛知県 新瑞橋 名古屋市営地下鉄名城線・桜通線
18%
愛知県 東枇杷島 名鉄名古屋本線・名鉄犬山線
18%
京都府 黄檗 奈良線・京阪宇治線
18%
大阪府 天神橋筋六丁目 阪急千里線・Osaka Metro谷町線・堺筋線
18%
和歌山県 紀ノ川 南海本線・南海加太線
18%
兵庫県 大物 阪神本線・阪神なんば線
18%
兵庫県 横山 神戸電鉄三田線・公園都市線
18%
福岡県 城野 日豊本線・日田彦山線
18%
福岡県 薬院 西鉄天神大牟田線・福岡市地下鉄七隈線
18%
長崎県 喜々津 長崎本線・長与支線
18%
大阪府 JR河内永和・河内永和 おおさか東線・近鉄奈良線
18%
京都府 同志社前・興戸 片町線・近鉄京都線
17%
兵庫県 湊川・湊川公園 神戸電鉄神戸高速線・有馬線・神戸市営地下鉄山手線
17%
愛知県 三河塩津・蒲郡競艇場前 東海道本線・名鉄蒲郡線
16%
京都府 宝ヶ池 叡山電鉄叡山本線・叡山電鉄鞍馬線
16%
大阪府 高井田中央・高井田 おおさか東線・Osaka Metro中央線
16%
奈良県 尺土 近鉄南大阪線・近鉄御所線
16%
兵庫県 板宿 山陽電気鉄道本線・神戸市営地下鉄西神線
16%
大阪府 ドーム前・ドーム前千代崎 阪神なんば線・Osaka Metro長堀鶴見緑地線
15%
兵庫県 西代 阪神神戸高速線・山陽電気鉄道本線
15%
福岡県 和白 香椎線・西鉄貝塚線
15%
福岡県 宮の陣 西鉄天神大牟田線・西鉄甘木線
15%
熊本県 北熊本 熊本電気鉄道菊池線・藤崎線
15%
京都府 JR三山木・三山木 片町線・近鉄京都線
15%
京都府 下狛・狛田 片町線・近鉄京都線
14%
京都府 木幡 奈良線・京阪宇治線
14%
大阪府 渡辺橋・肥後橋 京阪中之島線・Osaka Metro四つ橋線
14%
大阪府 西長堀 Osaka Metro千日前線・長堀鶴見緑地線
14%
福岡県 志井公園・企救丘 日田彦山線・北九州高速鉄道小倉線
14%
福岡県 小郡・西鉄小郡 西鉄天神大牟田線・甘木鉄道甘木線
14%
埼玉県 与野 東北本線・武蔵野線(大宮支線)
13%
大阪府 関目・関目成育 京阪本線・Osaka Metro今里筋線
13%
兵庫県 名谷 神戸市営地下鉄西神線・西神延伸線
13%
千葉県 公園 山万ユーカリが丘線・山万ユーカリが丘線
12%
福岡県 金田 平成筑豊鉄道伊田線・糸田線
12%
福岡県 千早・西鉄千早 鹿児島本線・西鉄貝塚線
12%
大阪府 蒲生四丁目 Osaka Metro長堀鶴見緑地線・今里筋線
11%
三重県 日永 四日市あすなろう鉄道内部線・八王子線
10%
東京都 戸越・戸越銀座 東急池上線・都営浅草線
9%
兵庫県 中公園 神戸新交通ポートアイランド線・ループ線
6%
兵庫県 市民広場 神戸新交通ポートアイランド線・ループ線
6%
香川県 讃岐牟礼・八栗新道 高徳線・高松琴平電気鉄道志度線
3%
No matching quizzes found
Score Distribution
Percent of People with Each Score
Percentile by Number Answered
Your Score History
You have not taken this quiz since the last reset